Sports Quiz

Random Sports or Football Quiz

NFL Receiving Leaders by Yardage (Last 5 Years) Quiz Stats

 Plays Quiz Updated Feb 2, 2018

Challenge
Share
Tweet
Embed
Score 0/160 Timer 10:00
3 Plays Today
Team Player % Correct
Atlanta FalconsJulio Jones
97.1%
Atlanta FalconsJulio Jones
97.1%
Atlanta FalconsJulio Jones
96.8%
Arizona CardinalsLarry Fitzgerald
96.8%
Arizona CardinalsLarry Fitzgerald
96.7%
Detroit LionsMarvin Jones
96.1%
Green Bay PackersJames Jones
95.7%
Arizona CardinalsLarry Fitzgerald
95.5%
Arizona CardinalsLarry Fitzgerald
95.4%
Detroit LionsCalvin Johnson
94.9%
Houston TexansDeAndre Hopkins
94.7%
Houston TexansDeAndre Hopkins
94.1%
Detroit LionsKenny Golladay
93.9%
Pittsburgh SteelersAntonio Brown
93.2%
Pittsburgh SteelersAntonio Brown
93.1%
Pittsburgh SteelersAntonio Brown
92.7%
Pittsburgh SteelersJuJu Smith-Schuster
92.5%
Dallas CowboysDez Bryant
92.4%
Dallas CowboysDez Bryant
92.4%
Dallas CowboysAmari Cooper
92.4%
Cincinnati BengalsA.J. Green
92.4%
Cincinnati BengalsA.J. Green
92.4%
Cincinnati BengalsA.J. Green
92.3%
Baltimore RavensJohn Brown
92%
Baltimore RavensTorrey Smith
91.9%
Denver BroncosDemaryius Thomas
91.2%
Denver BroncosDemaryius Thomas
91.2%
Denver BroncosDemaryius Thomas
91.1%
Cincinnati BengalsTyler Boyd
91.1%
Denver BroncosEmmanuel Sanders
90.7%
New York GiantsOdell Beckham Jr.
90.3%
New York GiantsOdell Beckham Jr.
90.3%
Cincinnati BengalsA.J. Green
90%
New York GiantsOdell Beckham Jr.
89.4%
Atlanta FalconsJulio Jones
89.2%
Denver BroncosDemaryius Thomas
88.6%
New York JetsBrandon Marshall
88.5%
New England PatriotsRob Gronkowski
87.5%
New England PatriotsRob Gronkowski
87.5%
Green Bay PackersJordy Nelson
87.3%
Green Bay PackersDavante Adams
87.2%
Carolina PanthersDevin Funchess
87%
Tampa Bay BuccaneersMike Evans
86.5%
Tampa Bay BuccaneersMike Evans
86%
Philadelphia EaglesZach Ertz
86%
Washington RedskinsDeSean Jackson
85.9%
Indianapolis ColtsT.Y. Hilton
85.2%
Indianapolis ColtsT.Y. Hilton
85.2%
Indianapolis ColtsT.Y. Hilton
85.1%
Indianapolis ColtsT.Y. Hilton
85%
Buffalo BillsCharles Clay
84.9%
Green Bay PackersJordy Nelson
84.5%
Houston TexansDeAndre Hopkins
81.6%
Indianapolis ColtsT.Y. Hilton
81.3%
Team Player % Correct
Chicago BearsKendall Wright
81%
Houston TexansDeAndre Hopkins
80.8%
Houston TexansDeAndre Hopkins
80.8%
Tampa Bay BuccaneersMike Evans
78.5%
Oakland RaidersAmari Cooper
77.9%
New England PatriotsJulian Edelman
77.9%
New Orleans SaintsMichael Thomas
77.7%
Chicago BearsAllen Robinson
77.4%
Chicago BearsAlshon Jeffery
77.4%
Chicago BearsAlshon Jeffery
77.3%
Oakland RaidersAmari Cooper
76.9%
Seattle SeahawksDoug Baldwin
76.7%
Jacksonville JaguarsAllen Robinson
75.4%
Buffalo BillsSammy Watkins
75.2%
Buffalo BillsSammy Watkins
75.2%
New England PatriotsRob Gronkowski
75%
San Francisco 49ersAnquan Boldin
74.9%
San Francisco 49ersGeorge Kittle
74.9%
Detroit LionsGolden Tate
74.9%
San Francisco 49ersAnquan Boldin
74.8%
Philadelphia EaglesZach Ertz
74.7%
Miami DolphinsJarvis Landry
74.4%
Tampa Bay BuccaneersMike Evans
74.3%
Seattle SeahawksTyler Lockett
74.3%
Tampa Bay BuccaneersMike Evans
74.2%
Seattle SeahawksDoug Baldwin
74.1%
Seattle SeahawksDoug Baldwin
74%
New York GiantsOdell Beckham Jr.
73.5%
Philadelphia EaglesJeremy Maclin
73.5%
New Orleans SaintsMichael Thomas
73.4%
Kansas City ChiefsJeremy Maclin
73.3%
Jacksonville JaguarsAllen Robinson
73.2%
Detroit LionsGolden Tate
73%
Carolina PanthersGreg Olsen
73%
Baltimore RavensMike Wallace
73%
Cleveland BrownsJarvis Landry
72.6%
Carolina PanthersChristian McCaffrey
72.5%
New England PatriotsJulian Edelman
72.1%
New York GiantsSterling Shepard
71.7%
Carolina PanthersKelvin Benjamin
71%
Pittsburgh SteelersAntonio Brown
68.3%
Miami DolphinsJarvis Landry
67.7%
Kansas City ChiefsTyreek Hill
67.6%
Los Angeles ChargersKeenan Allen
67.1%
New York JetsEric Decker
66.9%
Carolina PanthersGreg Olsen
66.5%
Green Bay PackersDavante Adams
66.4%
Kansas City ChiefsTravis Kelce
66.2%
Dallas CowboysTerrance Williams
65.1%
Los Angeles ChargersTyrell Williams
64.2%
Washington RedskinsJordan Reed
63.5%
New Orleans SaintsBrandin Cooks
63.3%
Cleveland BrownsDuke Johnson
62.7%
Kansas City ChiefsTravis Kelce
61.6%
Team Player % Correct
Miami DolphinsMike Wallace
61.2%
Arizona CardinalsMichael Floyd
60.9%
Washington RedskinsPierre Garcon
60.8%
San Francisco 49ersMarquise Goodwin
60.7%
Los Angeles ChargersMalcom Floyd
60.4%
Washington RedskinsJamison Crowder
59.6%
Los Angeles ChargersKeenan Allen
59.3%
New Orleans SaintsBrandin Cooks
58.7%
Los Angeles RamsRobert Woods
56.9%
Jacksonville JaguarsAllen Hurns
53.7%
Minnesota VikingsStefon Diggs
53.3%
Baltimore RavensMike Wallace
52.8%
Dallas CowboysCole Beasley
52%
Minnesota VikingsAdam Thielen
51.1%
Washington RedskinsJordan Reed
50.8%
Tennessee TitansDelanie Walker
50.5%
Tennessee TitansDelanie Walker
50.4%
Minnesota VikingsAdam Thielen
46.4%
Cleveland BrownsTerrelle Pryor
46.2%
Philadelphia EaglesJordan Matthews
45.1%
Philadelphia EaglesZach Ertz
44.9%
Minnesota VikingsGreg Jennings
44.6%
Tennessee TitansRishard Matthews
42.4%
Los Angeles RamsKenny Britt
42.3%
Los Angeles RamsKenny Britt
42.1%
Minnesota VikingsAdam Thielen
41.7%
Buffalo BillsRobert Woods
40.7%
Los Angeles RamsKenny Britt
40.5%
Seattle SeahawksDoug Baldwin
39.8%
Cleveland BrownsGary Barnidge
39.2%
Miami DolphinsJarvis Landry
39.2%
Atlanta FalconsJulio Jones
35%
Baltimore RavensKamar Aiken
30.7%
Miami DolphinsDanny Amendola
30.5%
Oakland RaidersAndre Holmes
30.4%
Tennessee TitansDelanie Walker
29.7%
Tennessee TitansCorey Davis
29.6%
Kansas City ChiefsTyreek Hill
24.5%
Jacksonville JaguarsKeelan Cole
24.5%
New Orleans SaintsKenny Stills
23.1%
New York JetsRobby Anderson
22.6%
Los Angeles ChargersDanny Woodhead
20.8%
Jacksonville JaguarsDede Westbrook
20.1%
Chicago BearsCameron Meredith
20%
New York JetsQuincy Enunwa
19.9%
New York JetsRobby Anderson
17.9%
San Francisco 49ersJeremy Kerley
15%
Buffalo BillsZay Jones
14.6%
Oakland RaidersJared Cook
13.3%
Cleveland BrownsAndrew Hawkins
12.2%
Los Angeles RamsCooper Kupp
12%
Oakland RaidersJared Cook
9.1%

You're not logged in!

Compare scores with friends on all Sporcle quizzes.
OR
Log In

You Might Also Like...

Show Comments

Extras

Top Quizzes Today


Score Distribution

Your Account Isn't Verified!

In order to create a playlist on Sporcle, you need to verify the email address you used during registration. Go to your Sporcle Settings to finish the process.

Report this User

Report this user for behavior that violates our Community Guidelines.

Details: